[Event "2016 PHCC Championships"]
[Site "Port Huron"]
[Date "2016.01.21"]
[Round "2"]
[White "Morabito, Matthew"]
[Black "Rutkofske, Lonnie"]
[Result "1/2-1/2"]
[WhiteElo "1859"]
[BlackElo "1800"]
[Annotator "LWR"]
[PlyCount "68"]
[EventDate "2016.01.21"]
[EventType "tourn"]
[EventRounds "9"]

{Matt had won 4 of our last 5 championship games when I have had Black.. He is an aggressive tactical player and thrives on the initiative that he usually turns into some kind of advantage. I was determined to blunt his wonderlust by tying to take him out of his favorite Reti lines by closing up the center and blunting his tactical opportunities .} 1. Nf3 d5 2. g3 Bg4 3. Bg2 c6 4. O-O Nd7 5. d3 h6 6. c3 Ngf6 7. Qb3 Qc7 8. Re1 $2 {I thought Bf4 now preventing e5 was much stronger!} e5 9. e4 {A critical positon here that presented me with quite a few chances to go wrong, so I thought for over 20 minutes to develop a plan that would blunt his tactical threats. Here his N is looking for a combination against e5, where he takes then if I retake, he has Bf4 then d4 winning a pawn. and opening up the center for against my vulnerable King. So I decided to drive away his Q and follow it up with pressure along the d file.} Nc5 {Diagram } 10. Qc2 dxe4 11. Nxe5 O-O-O 12. d4 Bf5 13. Bf4 Ne6 {I had planned for this continuation , leaving White with few options, and the possibility of opening up his K-side. If 14. Ng6, Nf4 forcing the recapture but the N. If 15.Nh8?? Ng2 followed by Bd6 forces the N to take at f7 and White is woefully behind in development and I will enjoy a multitude of attacking chances.} 14. Ng6 Nxf4 15. Nxf4 g5 16. Ne2 Bg6 17. Qb3 Kb8 18. Nd2 Bg7 19. Nc4 Nd5 20. a4 f5 {Diagram  At this point I am feeling very comfortable that I have withstood White's tactical shots and have the advantage. because his pieces have little scope.} 21. Nc1 Bf7 22. Bf1 Rhe8 23. Na2 f4 24. Nb4 Nxb4 25. Qxb4 Bf8 26. Qb3 e3 27. Qc2 exf2+ 28. Qxf2 Bxc4 29. Bxc4 fxg3 30. hxg3 Bd6 31. Kg2 Rf8 32. Qe3 a6 33. Rf1 Rfe8 34. Qd3 Re7 {Here I offered a draw, because with opposite colored bishops, winning chances are at a premium after pieces are exchanged off. My major advantage is that my K is safe and his is exposed and most of his pawns are on dark squares.} 1/2-1/2

[Event "2016 PHCC Championships"]
[Site "Port Huron"]
[Date "2016.01.21"]
[Round "2"]
[White "Gregg, Alan"]
[Black "Bedy, Noel"]
[Result "1/2-1/2"]
[WhiteElo "1981"]
[BlackElo "1421"]
[Annotator "AMG"]
[PlyCount "88"]
[EventDate "2016.01.21"]
[EventType "tourn"]
[EventRounds "9"]

{For the 2nd year in a row, I could only draw with Noel. Throughout the game neither player had a real advantage so a draw was a fair result.} 1. e4 d5 2. exd5 Qxd5 3. Nc3 Qd6 4. d4 Nf6 5. Nf3 c6 6. h3 Bf5 7. Bd3 Bg6 8. Ne2 e6 9. Nf4 Be7 10. c3 Nbd7 11. Nxg6 hxg6 12. Qe2 Qc7 13. Ng5 Nh7 14. Nxh7 Rxh7 15. Bd2 O-O-O 16. O-O-O Bd6 17. Kb1 Bf4 18. Be3 Bxe3 19. Qxe3 Nf6 20. g3 Rh5 21. Be2 Rhh8 22. h4 Nd5 23. Qg5 Qb6 24. Ka1 Qc7 25. Rhe1 Qe7 26. Qc1 Qf6 27. f4 Kb8 28. Bg4 Rhe8 29. Re5 Ne7 30. Rde1 Nf5 31. Bxf5 gxf5 32. Qe3 Rd5 33. Rxd5 cxd5 34. a3 Kc8 35. Qd3 Qd8 36. Qe2 g6 37. Qe5 Qe7 38. Rh1 f6 39. Qe2 e5 40. fxe5 fxe5 41. dxe5 Qxe5 42. Qxe5 Rxe5 43. h5 gxh5 44. Rxh5 Kd7 1/2-1/2

[Event "2016 PHCC Championships"]
[Site "Port Huron"]
[Date "2016.01.21"]
[Round "2"]
[White "West, Tony"]
[Black "Jones, G. Avery"]
[Result "0-1"]
[WhiteElo "1934"]
[BlackElo "1566"]
[Annotator "LWR"]
[PlyCount "94"]
[EventDate "2016.01.21"]
[EventType "tourn"]
[EventRounds "9"]

1. d4 d5 2. c4 c6 3. Nf3 Nf6 4. g3 g6 5. Bg2 Bg7 6. O-O O-O 7. Nc3 dxc4 8. Ne5 Be6 9. e4 Nbd7 10. Nf3 Nb6 11. a4 a5 12. Qe2 Bg4 13. Rd1 Qc8 14. Be3 Qc7 15. h3 Bxf3 16. Bxf3 Rfd8 17. d5 Nfd7 18. dxc6 bxc6 19. Qc2 Ne5 20. Be2 Rd6 21. f4 Nd3 22. e5 Rdd8 23. Nb5 cxb5 24. Bxd3 Nd5 25. Qf2 Nxe3 26. Qxe3 Rxd3 27. Rxd3 cxd3 28. Qxd3 bxa4 29. Rd1 Qb6+ 30. Qd4 Qxd4+ 31. Rxd4 e6 32. Rxa4 Bf8 33. Rc4 Bb4 34. Kf2 Rd8 35. Rc2 Rd2+ 36. Rxd2 Bxd2 37. Ke2 Bb4 38. Kd3 h5 39. g4 hxg4 40. hxg4 Kg7 41. Ke4 f5+ 42. gxf5 gxf5+ 43. Ke3 Kg6 44. Kf3 Kh5 45. Kg3 Bd2 46. Kf3 Kh4 47. b3 Kh3 0-1

[Event "2106 PHCC Championships"]
[Site "Port Huron"]
[Date "2016.01.22"]
[Round "2"]
[White "Heinrich, Chuck"]
[Black "Boucher, David"]
[Result "0-1"]
[WhiteElo "619"]
[BlackElo "1306"]
[Annotator "LWR"]
[PlyCount "58"]
[EventDate "2016.01.21"]
[EventType "tourn"]
[EventRounds "9"]

1. b3 e6 2. Bb2 Nf6 3. e3 Be7 4. Nf3 b6 5. c4 O-O 6. Be2 Bb7 7. Qc2 c6 8. Qc3 d5 9. Na3 Ba6 10. O-O-O Nbd7 11. g4 Nc5 12. d3 h6 13. h4 Ne8 14. g5 hxg5 15. hxg5 Bxg5 16. Nxg5 Qxg5 17. Rh5 Qg2 18. Rdh1 f6 19. Qe1 Qg6 20. Rh8+ Kf7 21. Bh5 Nxd3+ 22. Kd2 Nxe1 23. Kxe1 $2 {23.Bg6+ was best! Even 23.Rf8+ was better.} Qxh5 24. R1xh5 Nd6 25. Rxf8+ Rxf8 26. cxd5 cxd5 27. Nc2 Rc8 28. Nd4 e5 29. Nf3 Rc2 0-1

[Event "2016 PHCC Championships"]
[Site "Port Huron"]
[Date "2016.01.28"]
[Round "3"]
[White "Wingrove, William"]
[Black "West, Tony"]
[Result "0-1"]
[WhiteElo "1606"]
[BlackElo "1934"]
[Annotator "LWR"]
[PlyCount "86"]
[EventDate "2016.01.28"]
[EventType "tourn"]
[EventRounds "9"]

1. e4 c5 2. c3 Nf6 3. e5 Nd5 4. Nf3 Nc6 5. Bc4 Nb6 6. Bb3 c4 7. Bc2 d5 8. exd6 Qxd6 9. O-O g6 10. b3 Bg7 11. Na3 Bg4 12. h3 Bxf3 13. Qxf3 cxb3 14. axb3 O-O 15. d4 Nd5 16. Bd2 Rac8 17. Nc4 Qd7 18. Be4 Rfd8 19. Bxd5 Qxd5 20. Qxd5 Rxd5 21. Ne3 Rb5 {22. Rfb1 seems stronger.} 22. Rab1 Ra5 23. c4 Ra2 24. d5 Rxd2 25. dxc6 Rxc6 26. Nd5 Kf8 27. Rfd1 Rxd1+ 28. Rxd1 e6 29. Ne3 Ke7 30. Nc2 Rd6 31. Rxd6 Kxd6 32. b4 {The simple 32.Kf1 works fine here since the Black K cannot penetrate and this gives him a tempo toward centralizing his K.} a6 33. Kf1 e5 34. Ke2 e4 {35.f4 looks stronger because it gets White closer to the center if 35...,ef+ 36.Kf3 could slow the K-side advance.} 35. g4 $4 {Now Tony's solid endgame technique comes into play.} Ke5 36. Ke3 $2 {A Tempo waster since the simple Bh6+ drives White back to his original square.} Bh6+ 37. Ke2 f5 38. f3 f4 39. fxe4 Kxe4 40. h4 f3+ 41. Kf2 Kd3 42. Ne1+ Kxc4 43. Nxf3 Kxb4 0-1

[Event "2016 PHCC Championships"]
[Site "Port Huron"]
[Date "2016.01.28"]
[Round "3"]
[White "Jones, G. Avery"]
[Black "Gregg, Alan"]
[Result "0-1"]
[WhiteElo "1566"]
[BlackElo "1981"]
[Annotator "Gregg,Alan"]
[PlyCount "91"]
[EventDate "2016.01.28"]
[EventType "tourn"]
[EventRounds "9"]

1. d4 g6 2. Nf3 d6 3. Bg5 ({Relevant:} 3. Bf4 Bg7 4. e3 Nf6 5. h3 O-O 6. Be2 b6 7. O-O Bb7 8. Nbd2 Nbd7 9. Bh2 c5 10. c3 Re8 11. a4 a6 12. Qb3 h6 13. Rfd1 Rb8 14. Nc4 b5 15. axb5 axb5 16. Na5 Bd5 17. Qc2 Be4 18. Qc1 Ra8 19. b4 cxb4 20. cxb4 Rc8 21. Qd2 Rc2 22. Qe1 Qb6 23. Rdc1 Rec8 24. Rxc2 Rxc2 25. Rc1 Rb2 26. Bf1 Nd5 27. Rc6 Qa7 28. Rc8+ Kh7 29. Nd2 N7f6 30. Qc1 Ra2 31. Nxe4 Nxe4 32. Rc2 Nxb4 {Melkumyan,H (2654)-Mamedov,R (2650) Minsk 2015 0-1}) 3... h6 4. Bh4 Bg7 5. e3 Nf6 6. Bd3 Nbd7 7. Nbd2 c5 8. c3 b6 9. O-O Bb7 10. Re1 $146 ({Predecessor:} 10. Qe2 cxd4 11. cxd4 g5 12. Bg3 Nh5 13. Rac1 Rc8 14. Ba6 Nxg3 15. hxg3 Rxc1 16. Rxc1 Qb8 17. Bb5 e6 18. Qc4 Kd8 19. Ne1 Nf6 20. Nd3 Nd5 21. Bc6 Ne7 22. Bxb7 Qxb7 23. Qb4 Nc8 24. Nc4 Bf8 25. Na5 Qd7 26. Nc6+ Ke8 27. Nb8 Qb7 28. Qb5+ Ke7 29. Na6 Kf6 30. Rc7 Qa8 31. Qe8 {1-0 (31) Karhanek,P (2261)-Sara,S (1921) Ostrava 2006}) 10... O-O 11. e4 e5 12. Nc4 Qc7 13. d5 {Diagram } (13. a4) 13... b5 14. Ne3 c4 {equal} 15. Bc2 Nc5 16. Bxf6 Bxf6 17. Ng4 Bg7 18. Qd2 Kh7 19. h4 Bc8 20. Nfh2 Qe7 21. g3 Bd7 22. Kg2 f5 23. exf5 Bxf5 24. Rac1 Bxc2 25. Rxc2 Nd3 26. Re2 h5 27. Ne3 Qf7 28. a3 Bh6 29. Nhf1 a6 30. Kg1 Ra7 31. Kg2 Qf3+ 32. Kg1 Raf7 33. Nh2 Qf6 34. Nhf1 e4 35. Kh2 $4 {Diagram } Nxf2 36. Qd4 Qxd4 37. cxd4 Nd3 38. Kg2 Bg7 39. Nh2 Bxd4 40. Nd1 Nc5 41. g4 Rf4 42. Ne3 Bxe3 43. Rxe3 hxg4 44. Kg3 Kg7 45. Nxg4 Rf3+ 46. Kg2 {White lost on time} 0-1

[Event "2016 PHCC Championships"]
[Site "Port Huron"]
[Date "2016.01.28"]
[Round "3"]
[White "Rutkofske, Lonnie"]
[Black "Wilkinson, Stewart"]
[Result "1/2-1/2"]
[WhiteElo "1800"]
[BlackElo "1880"]
[Annotator "LWR"]
[PlyCount "57"]
[EventDate "2016.01.28"]
[EventType "tourn"]
[EventRounds "9"]

1. d4 e6 2. c3 d5 3. Nf3 c5 4. Nbd2 ({Relevant:} 4. Bf4 Nf6 5. e3 Be7 6. Nbd2 O-O 7. Bd3 Nc6 8. h3 b6 9. O-O Bb7 10. Qe2 Bd6 11. Bxd6 Qxd6 12. dxc5 bxc5 13. e4 Nd7 14. exd5 exd5 15. Rfe1 Nf6 16. Nf1 d4 17. Ng3 Rae8 18. Qd2 Ne5 19. Nxe5 Rxe5 20. Rxe5 Qxe5 21. Bc4 dxc3 22. Qxc3 Qxc3 23. bxc3 Rd8 24. Rb1 Bc6 25. Rb3 a5 26. Nf5 Kf8 27. Ne3 Ne4 28. f3 Nd2 29. Rb6 Nxc4 30. Nxc4 Bd5 31. Nxa5 Bxa2 32. c4 Rd1+ 33. Kh2 Rd2 {Potkin,V (2646)-Kurnosov,I (2676) Moscow 2010 ½-½ (62)}) 4... Nc6 5. Qc2 Nf6 6. g3 $146 ({Predecessor (14):} 6. e3 Bd6 7. Be2 O-O 8. O-O Qe7 9. Re1 e5 10. dxe5 Nxe5 11. c4 Bg4 12. cxd5 Nxd5 13. Nxe5 Bxe2 14. Rxe2 Qxe5 15. Nf3 Qf6 16. Bd2 Rfe8 17. Ree1 Rad8 18. Qb3 Nb6 19. Rad1 Qf5 20. Bc1 h6 21. Qb5 Bc7 22. Qe2 Qg4 23. h3 Qe4 24. Kf1 Nd5 25. Nd2 Qe5 26. Nf3 Qe4 27. Qb5 b6 28. a3 Re7 29. Rd2 Red7 30. Red1 Bg3 31. Qb3 c4 32. Qa4 Nxe3+ 33. Kg1 Bxf2+ 34. Kh1 Rxd2 35. Rxd2 Rxd2 {Savic,D (2106)-Bejatovic,B (2002) Senta 2013 0-1}) 6... cxd4 7. Nxd4 Nxd4 8. cxd4 Bd6 9. Bg2 O-O 10. O-O Bd7 11. e4 dxe4 12. Nxe4 Rc8 13. Qb3 Nxe4 14. Bxe4 b6 15. Bd2 Bc6 $2 16. d5 (16. Bxc6 $11) 16... Bxd5 17. Bxd5 exd5 18. Rad1 (18. Qxd5 Bxg3 19. Qxd8 Rcxd8 20. Bg5 f6 21. fxg3 fxg5) 18... Bc5 19. Qd3 a5 (19... d4) 20. Be3 d4 21. Bf4 Re8 22. a3 Qd7 23. Qf3 Qc6 (23... Qb5 24. Rd2 Qc4) 24. Kg2 Qxf3+ 25. Kxf3 Re6 26. Rfe1 Rce8 27. Rxe6 fxe6 28. Ke4 Rd8 29. Rd3 {Draw Agreed} 1/2-1/2

[Event "2016 PHCC Championships"]
[Site "Port Huron"]
[Date "2016.01.28"]
[Round "3"]
[White "Morabito, Matthew"]
[Black "Heinrich, Chuckie"]
[Result "1-0"]
[WhiteElo "1859"]
[BlackElo "619"]
[Annotator "Gregg,Alan"]
[PlyCount "54"]
[EventDate "2016.01.28"]
[EventType "tourn"]
[EventRounds "9"]

1. e4 e6 2. d3 c5 3. Nd2 d5 4. Ngf3 Nc6 5. g3 Bd6 6. Bg2 Nf6 7. O-O Nd7 $146 {Diagram } ({Relevant:} 7... O-O 8. Re1 Bc7 9. c3 e5 10. exd5 Nxd5 11. Nc4 Re8 12. Ng5 Be6 13. Nxe6 Rxe6 14. Qb3 Nb6 15. Be3 Qxd3 16. Nxb6 Bxb6 17. Rad1 Qf5 18. Rd5 Rf6 19. Qc4 Rc8 20. Qh4 h6 21. Red1 Rd8 22. Rxd8+ Nxd8 23. Be4 Qe6 24. Bd5 Qf5 25. Qe4 Qh5 26. Rd2 Ne6 27. Bxe6 Rxe6 28. Rd7 Qg6 29. Qxg6 Rxg6 30. c4 f5 31. Kf1 Rf6 32. Rxb7 Rf7 33. Rb8+ Rf8 34. Rb7 Rf7 35. Rb8+ Rf8 36. Rxf8+ Kxf8 37. f3 {Kuzubov,Y (2634)-Socko,B (2643) Austria 2010 ½-½ (80)}) 8. exd5 exd5 9. Re1+ Ne7 10. Nf1 O-O 11. Bg5 f6 12. Bd2 b5 13. Qe2 Nb6 14. Ba5 Re8 15. Nh4 Bb7 16. c4 Qd7 17. Qe6+ Kf8 $4 {Diagram } (17... Qxe6 18. Rxe6 Be5 (18... Bc7 19. cxb5 Be5) 19. Bxb6 axb6 20. Rxb6) 18. Bxb6 Qxe6 19. Rxe6 Bxg3 20. fxg3 axb6 21. Rxb6 Ra7 22. Rxb5 Rc8 23. a3 g5 24. Nf3 dxc4 25. dxc4 Bxf3 26. Bxf3 Nf5 27. Bg4 Re7 1-0

[Event "2016 PHCC Championships"]
[Site "St.Clair"]
[Date "2016.02.06"]
[Round "3"]
[White "Bedy, Noel"]
[Black "Boucher, David"]
[Result "1-0"]
[WhiteElo "1421"]
[BlackElo "1306"]
[PlyCount "71"]
[EventDate "2016.02.06"]
[EventType "tourn"]
[EventRounds "9"]

1. e4 e6 2. d4 d5 3. Nc3 Bb4 4. exd5 exd5 5. Bd3 Nf6 6. Nge2 O-O 7. O-O Nc6 8. Bg5 Be6 9. Qc1 h6 10. Bh4 Bd6 11. Nb5 Bxh2+ 12. Kxh2 Ng4+ 13. Kg3 g5 14. Bxg5 hxg5 15. f3 Nh6 16. Kf2 a6 17. Nxc7 Rc8 18. Nxe6 fxe6 19. Rh1 Qf6 20. Rh5 Rc7 21. Qxg5+ Qxg5 22. Rxg5+ Rg7 23. Rxg7+ Kxg7 24. c3 b5 25. Re1 e5 26. dxe5 Nxe5 27. Bb1 Nc4 28. Nd4 Rf6 29. b3 Nd6 30. Kg1 Ndf5 31. Nxf5+ Nxf5 32. Bxf5 Rxf5 33. Kf2 Rf6 34. Rd1 Rd6 35. Rd4 Kf6 36. g4 1-0

[Event "2016 PHCC Championships"]
[Site "Port Huron"]
[Date "2016.02.04"]
[Round "4"]
[White "Gregg, Alan"]
[Black "Wingrove, William"]
[Result "1/2-1/2"]
[WhiteElo "1981"]
[BlackElo "1606"]
[Annotator "Gregg,Alan"]
[PlyCount "52"]
[EventDate "2016.02.04"]
[EventType "tourn"]
[EventRounds "9"]

1. c4 c5 2. Nf3 d6 3. d4 cxd4 4. Nxd4 Nc6 5. Nc3 Nf6 6. g3 Bd7 7. Nc2 ({Relevant:} 7. Bg2 g6 8. O-O Bg7 9. e3 h5 10. b3 h4 11. Bb2 Qc8 12. Nxc6 Bxc6 13. Nd5 hxg3 14. hxg3 Bxd5 15. cxd5 Kf8 16. Rc1 Qd7 17. Rc4 Rc8 18. Qc2 Rxc4 19. Qxc4 Ng4 20. Bxg7+ Kxg7 21. Qd4+ Nf6 22. Qxa7 Rc8 23. a4 Rc2 24. Qd4 Kg8 25. Bf3 Qf5 26. Kg2 g5 27. e4 Qe5 28. Qxe5 dxe5 29. Re1 Kf8 30. Re3 Ke8 31. Bd1 Rd2 32. Be2 Kd7 33. a5 Kd6 34. a6 bxa6 35. Bxa6 Rd4 36. f3 g4 {L'Ami,E (2627)-Aronian,L (2802) Wijk aan Zee 2013 ½-½ (66)}) 7... a6 8. Bg2 e6 9. O-O $146 ({Predecessor:} 9. Bf4 e5 10. Bg5 Be7 11. O-O h6 12. Bxf6 Bxf6 13. Qxd6 Be7 14. Qd2 Be6 15. Nd5 O-O 16. Nxe7+ Qxe7 17. Ne3 Qc5 18. Rac1 Rad8 19. Nd5 Rd7 20. Rfd1 Rfd8 21. e3 Bg4 22. Re1 a5 23. h3 Be6 24. Red1 f5 25. Qe2 e4 26. b3 Ne5 27. Nf4 Bf7 28. Rxd7 Rxd7 29. Rd1 Qc6 30. h4 b6 31. Rd4 g5 32. hxg5 hxg5 33. Nh3 g4 34. Nf4 Be8 35. Qd1 b5 36. Rxd7 Bxd7 37. Qd5+ Qxd5 38. Nxd5 bxc4 {Caramia,J-Rojas,R Olivos 1993 1-0 (70)}) 9... Be7 10. e4 O-O 11. Bf4 Qc7 12. Rc1 Rfd8 13. b3 Be8 14. h3 Rac8 15. Be3 Qb8 (15... Qa5 16. Na4 Nd7 17. Qd2) 16. Qe2 Na7 $2 {Diagram } (16... Nd7) 17. Bb6 Rd7 18. Qe3 Nc6 19. Na4 Bd8 20. Rfd1 Bc7 21. Rd2 Rcd8 22. Rcd1 Re7 23. Bxc7 Qxc7 24. Qb6 Ne5 25. Qxc7 Rxc7 {Diagram } 26. f4 {Bill offered a draw here, so I accepted since I am worse!} (26. Nb6 Rc6 27. c5) (26. Nc3 Rcd7 27. f4 Nc6 28. Ne3) (26. Nb2 Rcd7 27. f4 Ng6 (27... Nc6)) 26... Nxc4 {Bill offered a draw here, so I accepted since I am worse!} 1/2-1/2

[Event "2016 PHCC Championships"]
[Site "Port Huron"]
[Date "2016.02.04"]
[Round "4"]
[White "Boucher, David"]
[Black "Jones, G. Avery"]
[Result "0-1"]
[WhiteElo "1306"]
[BlackElo "1566"]
[Annotator "Gregg,Alan"]
[PlyCount "50"]
[EventDate "2016.02.04"]
[EventType "tourn"]
[EventRounds "9"]

1. e4 c6 2. Bc4 d5 3. Bb3 (3. exd5) 3... e5 ({Relevant:} 3... dxe4 4. Qh5 e6 5. Nc3 Nf6 6. Qh4 Nbd7 7. f3 Nc5 8. fxe4 Nfxe4 9. Qxd8+ Kxd8 10. Nxe4 Nxe4 11. d4 Bb4+ 12. c3 Bd6 13. Nf3 f5 14. Be3 Kc7 15. O-O-O Bd7 16. Rhe1 Rhe8 17. Bc2 Nf6 18. Ne5 Rf8 19. g3 Rad8 20. Bb3 Bc8 21. Nc4 Nd5 22. Nxd6 Nxe3 23. Nb5+ cxb5 24. Rxe3 f4 25. gxf4 Rxf4 26. Bxe6 Re8 27. Rde1 Bxe6 28. Rxe6 Rxe6 29. Rxe6 Rf1+ 30. Kd2 Rf2+ 31. Re2 Rxe2+ 32. Kxe2 Kd6 33. Kd3 {Carlsen,M (2850)-Tomashevsky,E (2758) Berlin 2015 1-0}) 4. Nc3 $146 ({Predecessor (9):} 4. Qh5 Bd6 5. exd5 Nf6 6. Qg5 cxd5 7. Qxg7 Rg8 8. Qh6 Rxg2 9. Nc3 Rg6 10. Qh4 Rg4 11. Qh6 Rg6 12. Qh4 Rg4 {½-½ (12) Uzzaman,A (1938)-Khristoforov,S (1977) San Francisco 2015}) 4... Be6 5. Nf3 Bd6 (5... d4 6. Bxe6 dxc3 (6... fxe6 7. Ne2 Nd7 8. O-O) 7. Bb3 cxb2 8. Bxb2) 6. O-O Nf6 7. d3 (7. d4) 7... O-O 8. Bg5 Nbd7 9. exd5 cxd5 10. Nxd5 Bxd5 11. Bxd5 Qb6 12. Qd2 $4 {Diagram  losing} (12. Bb3) 12... Nxd5 13. c4 Nf4 14. d4 Bb4 15. Qd1 Ng6 16. a3 Be7 17. Bxe7 Nxe7 18. dxe5 Rad8 19. Qe2 Ng6 20. b4 Qe6 21. Qc2 Ndxe5 22. Ng5 Qxc4 23. Qb1 Qg4 24. f4 Rd2 25. g3 (25. Qe4 Re2 26. h3 Rxe4 27. hxg4 Rxf4) 25... Qe2 0-1

[Event "2016 PHCC Championships"]
[Site "Port Huron"]
[Date "2016.02.04"]
[Round "4"]
[White "Wilkinson, Stewart"]
[Black "Morabito, Matthew"]
[Result "0-1"]
[WhiteElo "1880"]
[BlackElo "1859"]
[Annotator "Gregg,Alan"]
[PlyCount "90"]
[EventDate "2016.02.04"]
[EventType "tourn"]
[EventRounds "9"]

1. e4 c5 2. Nf3 Nc6 3. Bb5 e6 4. Bxc6 bxc6 5. e5 Ba6 ({Relevant:} 5... Qc7 6. b3 f6 7. Bb2 fxe5 8. Nxe5 Nf6 9. f4 Be7 10. O-O O-O 11. c4 d6 12. Nd3 Bd7 13. Qe2 Rae8 14. Nc3 Bd8 15. Na4 Re7 16. Nf2 Be8 17. Rac1 Bg6 18. g3 Ree8 19. Rfe1 Bf5 20. d3 Nd7 21. Qd2 Bf6 22. Bc3 Bd4 23. Bxd4 cxd4 24. c5 d5 25. Re2 g5 26. fxg5 e5 27. Kg2 Kh8 28. Rce1 Qd8 29. b4 Bg6 30. h4 Bh5 31. g4 Bf7 32. h5 Be6 33. b5 cxb5 34. c6 bxa4 35. cxd7 {Cuartas,J (2523)-Del Rey,D (2390) Zaragoza 2012 1-0}) 6. d3 Ne7 7. O-O Ng6 8. Re1 Be7 9. Nc3 O-O 10. Ne4 $146 ({Predecessor:} 10. b3 f5 11. Na4 Qc7 12. Ba3 Qa5 13. Qd2 Qxd2 14. Nxd2 Rf7 15. Bxc5 Bb5 16. Bxe7 Bxa4 17. Bc5 Bb5 18. a4 Ba6 19. Nf3 Bb7 20. a5 a6 21. Nd2 f4 22. Nc4 d5 23. exd6 e5 24. Nxe5 Nxe5 25. Rxe5 Rd7 26. Ra4 Rf8 27. f3 Bc8 28. Re7 {1-0 (28) Skomorokhov,K (1952)-Rudakov,A Tambov 2015}) 10... Qc7 11. Be3 (11. Bg5) 11... Nxe5 12. Bxc5 (12. Nxc5) 12... Nxf3+ 13. Qxf3 d5 {Diagram } 14. Nf6+ $4 {Stewart is lost after this move!} (14. Qg3 e5 (14... Qxg3 15. hxg3 Rfe8 16. Bxe7 Rxe7 17. Nc5 Bc8) 15. Bxe7 Qxe7 16. Nd2 f6) 14... Bxf6 15. Bxf8 Rxf8 16. c3 Rb8 17. Rab1 Qb6 18. d4 c5 19. dxc5 Qxc5 20. b4 Qxc3 21. Qxc3 Bxc3 22. Rec1 Bd2 23. Rc7 Bb7 24. g3 d4 25. a4 g6 26. b5 Ba5 27. Rd7 d3 28. Rd1 d2 29. R1xd2 Bxd2 30. Rxd2 Rc8 31. f4 Bd5 32. Rb2 Rc1+ 33. Kf2 Ra1 34. Rb4 Ra2+ 35. Ke3 Rxh2 36. a5 Ra2 37. a6 Ra3+ 38. Kd4 Rxg3 39. Kc5 Rc3+ 40. Kd6 Rb3 41. Rxb3 Bxb3 42. Kc7 Bc4 43. Kc6 h5 44. b6 Bd5+ 45. Kc7 axb6 0-1

[Event "2016 PHCC Championships"]
[Site "Port Huron"]
[Date "2016.02.04"]
[Round "4"]
[White "West, Tony"]
[Black "Rutkofske, Lonnie"]
[Result "1-0"]
[WhiteElo "1934"]
[BlackElo "1800"]
[Annotator "Gregg,Alan"]
[PlyCount "113"]
[EventDate "2016.02.04"]
[EventType "tourn"]
[EventRounds "9"]

1. d4 Nf6 2. c4 c5 3. d5 b5 4. Qc2 g6 (4... bxc4 $11) 5. e4 d6 6. cxb5 a6 7. Nc3 Bg7 8. Nf3 O-O 9. bxa6 ({Relevant:} 9. a4 axb5 10. Bxb5 Na6 11. O-O Nb4 12. Qe2 Ba6 13. Bg5 Ne8 14. Bxa6 Rxa6 15. Qd2 Nc7 16. Bh6 Bxh6 17. Qxh6 f6 18. Qd2 Rb6 19. Rfe1 Qd7 20. b3 Rfb8 21. Rab1 Nba6 22. Qc2 Nb4 23. Qd1 Qg4 24. h3 Qh5 25. Ne2 Qh6 26. Nc3 R6b7 27. Re3 Qg7 28. Kh2 Rf8 29. g4 Kh8 30. Qd2 Rbb8 31. Rg1 Nba6 32. Qd1 Rb4 33. Na2 Rbb8 34. Rg3 c4 35. bxc4 Rb2 36. Re2 Rfb8 37. Nc3 f5 38. Nb5 f4 {Sumets,A (2633)-Kalegin,E (2461) LLucmajor 2014 1-0}) 9... Bxa6 10. Bxa6 Nxa6 11. O-O Nb4 12. Qe2 Nd7 13. Bf4 $146 ({Predecessor:} 13. a3 Qa5 14. Bg5 f6 15. Be3 Na6 16. Nd2 Rfb8 17. Nc4 Qd8 18. Rad1 Nc7 19. f4 Nb6 20. Nxb6 Rxb6 21. Rd2 Rb3 22. f5 Rab8 23. g4 Nb5 24. Nxb5 R8xb5 25. Rf2 Qa5 26. Rc2 Qa4 27. Rc4 Qa7 28. Bc1 Rb8 29. Kg2 Qd7 30. Rf3 Kf7 31. Rcc3 R3b7 32. b3 Qd8 33. Qc4 Qa5 34. Rh3 Rh8 35. Qe2 Qd8 36. Rc4 Qb8 37. Qc2 g5 38. Rcc3 Qa7 39. Qd3 Qa5 40. a4 h6 41. Bd2 Qa8 42. Rc4 Rhb8 {Edelsvard,O-Gil,A Sweden 1976 1-0 (63)}) 13... f6 14. h4 Qc8 15. a3 Na6 16. Nd2 Nc7 17. Bh2 (17. Nc4) 17... Qa6 18. Qxa6 Rxa6 19. Nc4 Rb8 (19... Nb6 20. Nxb6 Rxb6 21. Rab1 f5 22. Na4 Rb5 23. e5 dxe5) 20. f4 Nb6 21. Nxb6 Rbxb6 22. Rf2 Nb5 23. Nxb5 Rxb5 24. Rd1 Ra4 25. Re2 Rb3 (25... Kf7) 26. Rdd2 Kf7 27. Kf2 h6 28. Re3 Rxe3 29. Kxe3 h5 (29... f5 30. exf5 gxf5 31. Ke2 Bf6 32. h5 Ra8) 30. Kf3 f5 31. exf5 gxf5 32. Bg1 Ke8 33. g3 Kd7 (33... Ra8) 34. Ke2 Kc7 (34... Ra6) 35. Kd1 Kb7 {Wrong idea here. Black needs to activate the rook.} 36. Re2 Bf6 37. Kc2 Ka6 38. Bf2 Kb5 39. Be1 c4 $2 (39... Ra8) 40. Bc3 Bxc3 41. Kxc3 Ra7 42. Re6 Kc5 43. Rh6 Kxd5 44. Rxh5 Rb7 45. Rxf5+ e5 46. fxe5 Rb3+ 47. Kc2 dxe5 48. g4 Rg3 49. Rg5 Rg2+ 50. Kb1 {Diagram } Kd4 (50... Rg1+ 51. Ka2 (51. Kc2 Rg2+ 52. Kc3 Rg3+ 53. Kb4 Rb3+ 54. Ka5 Rxb2) 51... Rg2 52. Rg8 e4 53. Rd8+ Ke5 54. Rc8 e3 55. h5 Rxg4 56. h6 Rh4) 51. h5 {Diagram } e4 $4 {Black's last chance to save the game.} (51... c3 52. bxc3+ (52. Rg6 Rg1+ 53. Kc2 Rg2+ 54. Kb1 Rg1+ 55. Kc2 Rg2+ 56. Kb1 Rg1+ 57. Ka2 c2) 52... Kxc3 53. a4 Rg1+ 54. Ka2 Rg2+ 55. Ka3 Rg1 56. Ka2 Rg2+ 57. Kb1 Rg1+ 58. Ka2 Rg2+) 52. h6 Kd3 53. h7 Rh2 54. Rh5 Rxh5 55. gxh5 e3 56. h8=Q e2 57. Qc3+ 1-0